00644nam a2200181 a 450000100100000000500170001000800410002704000250006808200150009311000320010824000190014024500740015926000700023330000200030304900090032395201130033299900170044500001674420200929164944.0100310s1971 dr 000 0 spa d aDO-SdBNPbspacBNPHU axxxbR426l1 aRepública Dominicana944710a[ leyes, etc.] 0aLey No. 385 del 11 de noviembre de 1932 sobre accidentes del trabajo. aSanto Domingo :bInstituto Dominicano de Seguros Sociales,c1971. a37 p. ;c23 cm. aBNPD 0010718PDaPDbPDcCTd2010-03-10iLF1l0oxxx R426lp16744-10r2020-06-25w2020-06-25yLFPDZNo se presta c16276d16276